Estadísticas para Títulos del Emperador de Austria

Haz click aquí para intentar la prueba.

Estadísticas generales

  • Esta prueba ha sido intentada 67 veces
  • La puntuación promedio es 14 de 50

Estadísticas de respuestas

HintRespuesta% Correcto
EmperadorAustria
95%
ArchiduqueAustria
95%
Hungría
93%
ReyBohemia
62%
VoivodaSerbia
62%
Croacia
57%
Moravia
57%
Gran PríncipeTransilvania
52%
Tirol
50%
Galitzia
45%
Carintia
38%
Marca Eslovena
38%
Toscana
38%
Dalmacia
36%
Trieste
36%
Estiria
33%
Gran DuqueCracovia
31%
Carniola
26%
Eslavonia
26%
Habsburgo
26%
Jerusalén
24%
Lodomeria
24%
Parma
24%
Istria
21%
Módena
21%
Gorizia
17%
Plasencia
17%
Bucovina
14%
Guastalla
14%
Iliria
14%
Lorena
14%
Teschen
14%
Trento
14%
Auschwitz
12%
Ragusa
12%
Zátor
12%
Friuli
10%
Gradisca
10%
DuqueAlta Silesia
7%
Baja Silesia
7%
PríncipeBresanona
7%
Sonnenberg
7%
Zara
7%
MargraveAlta Lusacia
5%
Baja Lusacia
5%
CondeBregenz
5%
SeñorCattaro
5%
Feldkirch
5%
Hohenems
5%
Kyburgo
5%

Distribución de puntuación

Porcentaje por número respondido

Porcentaje de gente con cada puntuación

Historial de tus puntuaciones

No has intentado esta prueba.